Basic mixers
Αποθηκεύτηκε σε:
| Κύριος συγγραφέας: | |
|---|---|
| Μορφή: | Βιβλίο |
| Γλώσσα: | English |
| Δημοσίευση: |
London :
Santuary,
1999
|
| Θέματα: | |
| Ετικέτες: |
Προσθήκη ετικέτας
Δεν υπάρχουν, Καταχωρήστε ετικέτα πρώτοι!
|
MARC
| LEADER | 00000nam a2200000 i 4500 | ||
|---|---|---|---|
| 001 | 1/73119 | ||
| 008 | 050310s1999 eng d | ||
| 020 | |a 1-86074-266-1 | ||
| 035 | |l 10077006 | ||
| 040 | |a GR-MY-UA |b gre |e aacr | ||
| 041 | 0 | |a eng | |
| 082 | 0 | |a 621.3893 |2 (21η έκδ.) | |
| 100 | 1 | |a White, Paul. | |
| 245 | 1 | 0 | |a Basic mixers / |c Paul White |
| 260 | |a London : |b Santuary, |c 1999 | ||
| 300 | |a 208 σ.; |b εικ.; |c 15 εκ. | ||
| 504 | |a Περιέχει γλωσσάριο | ||
| 650 | 0 | 0 | |a Sound |x Recording and reproducing |x Equipment and supplies. |
| 852 | |a INST |b LESVOS |e 20050310 |h 621.3893 WHI |p 005100030100 |q 005100030100 |t BK |y 0 | ||
| 901 | |a BIBL1-2005-1 | ||
| 909 | |a Λ |b 114967 | ||
| 920 | |a ΔΙΕΥΡΥΝΣΗ |b ΕΠΕΑΕΚ-ΠΤΕ |y ΛΕΣΒΟΣ |z 2004-10 | ||
| 970 | |a ΜΑΡΙΝΑΤΟΥ |b ΜΥΡΣΙΝΗ |z 2005/03/10 | ||